| 000 | 00433nam a2200169Ia 4500 | ||
|---|---|---|---|
| 999 |
_c7968 _d7968 |
||
| 020 | _a9780415885942 | ||
| 082 | _a331.702 CAP-; | ||
| 100 | _aCapuzzi, David | ||
| 245 | 0 | _aCareer counseling: foundations, perspectives and applications | |
| 250 | _a2nd ed. | ||
| 260 |
_aNew York _bRoutledge _c2012 |
||
| 300 | _axxv, 563 | ||
| 504 | _aincludes index | ||
| 650 | _avocational guidance | ||
| 700 | _aStauffer, Mark D. | ||
| 942 | _cBK | ||